[Event "Paris-ch op"]
[Site "Paris"]
[Date "1993.??.??"]
[Round "3"]
[White "Derieux, Christian"]
[Black "Wavresky, Pierre"]
[Result "1-0"]
[WhiteElo "2285"]
[BlackElo "2210"]
[PlyCount "47"]
[EventDate "1993.04.??"]
[EventType "swiss"]
[EventRounds "9"]
[EventCountry "FRA"]
[SourceTitle "TD"]
[Source "ChessBase"]
[SourceDate "1994.03.01"]
[SourceVersion "1"]
[SourceVersionDate "1994.03.01"]
[SourceQuality "1"]

1. d4 Nf6 2. c4 c5 3. d5 b5 4. cxb5 a6 5. bxa6 g6 6. Nc3 Bxa6 7. f4 d6 8. Nf3 Bg7 9. e4 Bxf1 10. Rxf1 Nfd7 11. e5 dxe5 12. fxe5 Nxe5 13. Nxe5 Bxe5 14. Bh6 Qb6 15. Qe2 Nd7 16. Rf3 Rb8 17. 0-0-0 Qb4 18. d6 e6 19. g3 Bd4 20. Rd2 Nb6 21. Qe4 Rc8 22. Qh4 Nd5 23. Nxd5 Bxb2+ 24. Kb1 1-0

[Event "Paris-ch op"]
[Site "Paris"]
[Date "1993.??.??"]
[Round "5"]
[White "Jaulin, Marc"]
[Black "Wavresky, Pierre"]
[Result "1-0"]
[WhiteElo "2260"]
[BlackElo "2210"]
[PlyCount "57"]
[EventDate "1993.04.??"]
[EventType "swiss"]
[EventRounds "9"]
[EventCountry "FRA"]
[SourceTitle "CBM 038"]
[Source "ChessBase"]
[SourceDate "1994.02.01"]
[SourceVersion "1"]
[SourceVersionDate "1994.02.01"]
[SourceQuality "1"]

1. e4 g5 2. d4 h6 3. h4 g4 4. Qxg4 d5 5. Qe2 dxe4 6. Nc3 Nf6 7. Bf4 c6 8. Be5 Nbd7 9. 0-0-0 Qa5 10. Nxe4 Nxe5 11. dxe5 Nxe4 12. Qxe4 Bg7 13. Nf3 Qxa2 14. Bc4 Qa1+ 15. Kd2 Qxb2 16. Rb1 Qa3 17. Rhd1 Qc5 18. Ke1 b6 19. Rb3 Rf8 20. Rbd3 e6 21. Rd8+ Ke7 22. R8d6 f5 23. exf6+ Rxf6 24. Rxc6 Qb4+ 25. Kf1 Bd7 26. Rc7 Rd8 27. Ne5 Rxf2+ 28. Kxf2 Bxe5 29. Qxe5 1-0

[Event "Paris-ch op"]
[Site "Paris"]
[Date "1993.??.??"]
[Round "6"]
[White "Wavresky, Pierre"]
[Black "Martine, Jean Christophe"]
[Result "0-1"]
[WhiteElo "2210"]
[BlackElo "2205"]
[PlyCount "94"]
[EventDate "1993.04.??"]
[EventType "swiss"]
[EventRounds "9"]
[EventCountry "FRA"]
[SourceTitle "EXT 1998"]
[Source "ChessBase"]
[SourceDate "1997.11.17"]
[SourceVersion "1"]
[SourceVersionDate "1997.11.17"]
[SourceQuality "1"]

1. g4 d5 2. h3 e5 3. Bg2 h5 4. gxh5 Bc5 5. d3 Qh4 6. e3 Nf6 7. Nf3 Qxh5 8. d4 exd4 9. exd4 Bd6 10. Nc3 c6 11. Qe2+ Be6 12. Ng5 Qxe2+ 13. Nxe2 Bf5 14. c3 Nbd7 15. Bf4 Bxf4 16. Nxf4 Nh5 17. Ne2 f6 18. Nf3 g5 19. 0-0-0 Bg6 20. Nh2 0-0-0 21. Nf1 Rde8 22. Nfg3 f5 23. Rde1 Ndf6 24. Bf3 Ng7 25. Kd2 Ne4+ 26. Nxe4 dxe4 27. Bg2 f4 28. f3 e3+ 29. Kc1 Nf5 30. Bf1 Nh4 31. Ng1 Bh5 32. Be2 Nf5 33. Rh2 Ng3 34. Bd1 Re7 35. b4 Be8 36. Rg2 Bd7 37. Rh2 Reh7 38. Bc2 Rh6 39. a4 Bxh3 40. Ne2 Be6 41. Rxh6 Nxe2+ 42. Rxe2 Rxh6 43. Rg2 g4 44. Be4 g3 45. Rg1 Rh2 46. a5 Kc7 47. Kb1 g2 0-1

[Event "Issy Meudon schev"]
[Site "Issy Meudon"]
[Date "1991.??.??"]
[Round "2"]
[White "Dezan, Pierre"]
[Black "Wavresky, Pierre"]
[Result "0-1"]
[WhiteElo "2290"]
[BlackElo "2060"]
[PlyCount "74"]
[EventDate "1991.??.??"]
[EventType "schev"]
[EventRounds "5"]
[EventCountry "FRA"]
[SourceTitle "EXT 2004"]
[Source "ChessBase"]
[SourceDate "2003.11.25"]
[SourceVersion "1"]
[SourceVersionDate "2003.11.25"]
[SourceQuality "1"]

1. Nf3 Nf6 2. g3 b5 3. Bg2 Bb7 4. d4 e6 5. 0-0 c5 6. c3 Be7 7. Bg5 0-0 8. Bxf6 Bxf6 9. dxc5 Na6 10. Nd4 Bxg2 11. Kxg2 Nxc5 12. b4 Na4 13. Nxb5 Qb6 14. Nd4 Nxc3 15. Nxc3 Bxd4 16. Rc1 Qc6+ 17. Kg1 Bxc3 18. Qd3 Rfc8 19. Rc2 d5 20. Rfc1 d4 21. Qxd4 Bxd4 22. Rxc6 Rxc6 23. Rxc6 Bb6 24. a4 Kf8 25. a5 Bd8 26. Ra6 Rb8 27. Rxa7 Rxb4 28. a6 Ra4 29. Ra8 Ke7 30. Ra7+ Ke8 31. Kg2 Bb6 32. Ra8+ Ke7 33. Kf3 g5 34. h3 Bd4 35. e3 Bf6 36. g4 h6 37. Kg3 Ra3 0-1

[Event "Issy Meudon schev"]
[Site "Issy Meudon"]
[Date "1991.??.??"]
[Round "4"]
[White "Wavresky, Pierre"]
[Black "Demarre, Jacques"]
[Result "1-0"]
[WhiteElo "2060"]
[BlackElo "2295"]
[PlyCount "75"]
[EventDate "1991.??.??"]
[EventType "schev"]
[EventRounds "5"]
[EventCountry "FRA"]
[SourceTitle "EXT 2004"]
[Source "ChessBase"]
[SourceDate "2003.11.25"]
[SourceVersion "1"]
[SourceVersionDate "2003.11.25"]
[SourceQuality "1"]

1. c4 Nf6 2. Nf3 g6 3. b4 Bg7 4. Bb2 0-0 5. e3 d6 6. d4 Nbd7 7. Be2 e5 8. 0-0 Qe7 9. a4 Re8 10. Nc3 c6 11. a5 a6 12. Re1 e4 13. Nd2 d5 14. cxd5 cxd5 15. Qb3 Qd6 16. b5 Nf8 17. Ba3 Qd8 18. bxa6 bxa6 19. Reb1 Re6 20. Na4 Qxa5 21. Bxf8 Bxf8 22. Nc5 Qd8 23. Nxe6 fxe6 24. Qb6 Qe8 25. Bxa6 Nd7 26. Qc6 Bxa6 27. Rxa6 Rxa6 28. Qxa6 Nf6 29. Rb6 Qf7 30. Qc8 Ne8 31. Qxe6 Qxe6 32. Rxe6 Kf7 33. Ra6 Nd6 34. Nb1 Nc4 35. Nc3 Bd6 36. Nxd5 Ke6 37. Nc3 Kf5 38. Rc6 1-0

[Event "FRA-chT"]
[Site "France"]
[Date "1989.??.??"]
[Round "?"]
[White "Wavresky, Pierre"]
[Black "Mercier, Jean Pierre"]
[Result "0-1"]
[WhiteElo "2060"]
[BlackElo "2255"]
[PlyCount "73"]
[EventDate "1989.??.??"]
[EventType "team"]
[EventRounds "11"]
[EventCountry "FRA"]
[SourceTitle "TD"]
[Source "ChessBase"]
[SourceDate "1994.03.01"]
[SourceVersion "1"]
[SourceVersionDate "1994.03.01"]
[SourceQuality "1"]

1. c4 e5 2. Nc3 Nc6 3. g3 f5 4. Bg2 Nf6 5. e3 Be7 6. d4 d6 7. b4 0-0 8. b5 Na5 9. Qa4 c6 10. Bd2 exd4 11. exd4 d5 12. cxd5 cxd5 13. Nxd5 Nxd5 14. Bxa5 Qd6 15. Nf3 Bd7 16. Ne5 Nb6 17. Qd1 Qa3 18. Qb3+ Qxb3 19. axb3 Be6 20. Bxb7 Rab8 21. Bc6 Bd5 22. Bxd5+ Nxd5 23. Nd7 Rxb5 24. Nxf8 Rxa5 25. Rxa5 Bb4+ 26. Ke2 Bxa5 27. Ne6 Kf7 28. Nc5 Ke7 29. Kd3 Nf6 30. Kc4 Ng4 31. f3 Ne3+ 32. Kd3 Nd5 33. Ra1 Bb6 34. Re1+ Kd6 35. Re6+ Kc7 36. Kc4 Bxc5 37. dxc5 0-1

[Event "FRA-chT"]
[Site "France"]
[Date "1989.??.??"]
[Round "?"]
[White "Wavresky, Pierre"]
[Black "Schwicker, Francois"]
[Result "1/2-1/2"]
[WhiteElo "2060"]
[BlackElo "2240"]
[PlyCount "160"]
[EventDate "1989.??.??"]
[EventType "team"]
[EventRounds "11"]
[EventCountry "FRA"]
[SourceTitle "TD"]
[Source "ChessBase"]
[SourceDate "1994.03.01"]
[SourceVersion "1"]
[SourceVersionDate "1994.03.01"]
[SourceQuality "1"]

1. c4 e6 2. Nc3 d5 3. cxd5 exd5 4. d4 c5 5. Nf3 Nc6 6. g3 c4 7. Bg2 Bb4 8. 0-0 Nge7 9. Ne5 0-0 10. Nxc6 bxc6 11. e4 Be6 12. Bg5 f6 13. Bd2 dxe4 14. Nxe4 Bxd2 15. Qxd2 Nf5 16. Nc5 Bf7 17. Rad1 Qd6 18. Ne4 Qc7 19. Qc2 Nd6 20. Nc5 Rfe8 21. Qa4 Rac8 22. Na6 Qb6 23. Nb4 Qb5 24. Bxc6 Qxa4 25. Bxa4 Re2 26. Nc6 Be8 27. d5 Kf8 28. b3 Rxa2 29. Ra1 cxb3 30. Bxb3 Rb2 31. Ba4 a6 32. Na7 Ra8 33. Nc6 Ne4 34. Nd4 Bf7 35. Bc6 Rd8 36. Rxa6 Bxd5 37. Bxd5 Rxd5 38. Ne6+ Kf7 39. Nf4 Rd7 40. Ra4 Nd2 41. Rfa1 g5 42. Ra7 Rbb7 43. Rxb7 Rxb7 44. Nd3 Rb3 45. Nc5 Rc3 46. Ra7+ Kg6 47. Nd7 h5 48. Ra6 g4 49. Rxf6+ Kg7 50. Rf4 Nf3+ 51. Kg2 Rc1 52. Rxf3 gxf3+ 53. Kxf3 Rd1 54. Ne5 Kf6 55. Nc4 Rc1 56. Ne3 Ke5 57. h4 Rc3 58. g4 hxg4+ 59. Kxg4 Rc1 60. h5 Rg1+ 61. Kf3 Rh1 62. h6 Ke6 63. Ng4 Kf5 64. Ne3+ Kg5 65. Ke4 Kxh6 66. f4 Kg6 67. Ke5 Re1 68. Ke4 Kf6 69. Kd4 Ra1 70. Ke4 Ke6 71. Kf3 Kd6 72. Ke4 Ra4+ 73. Kf3 Kc5 74. Kg4 Ra3 75. Nf5 Kd5 76. Ng3 Rb3 77. Nf5 Ra3 78. Ng3 Ra8 79. Kf3 Rf8 80. Ne4 Rxf4+ 1/2-1/2